History Quiz

Random History or Africa Quiz

African Countries by Independence Date Quiz Stats

 Plays Quiz Updated Jul 2, 2018

Also try: Out of Africa
Challenge
Share
Tweet
Embed
Score 0/54 Timer 15:00
4 Plays Today
Date Country % Correct
9 July 2011South Sudan
76.6%
28 February 1922Egypt
72.1%
5 May 1941Ethiopia
71.3%
24 May 1993Eritrea
70.8%
11 December 1931South Africa
66.6%
1 January 1956Sudan
65.5%
26 January 1847Liberia
64.1%
21 March 1990Namibia
59%
30 June 1960Democratic Republic of the Congo
57%
2 March 1956Morocco
54.1%
11 November 1975Angola
50%
20 March 1956Tunisia
49.4%
25 June 1975Mozambique
47.3%
6 March 1957Ghana
46.7%
3 July 1962Algeria
46.3%
18 April 1980Zimbabwe
45.7%
12 December 1963Kenya
43.5%
24 December 1951Libya
43.5%
1 July 1962Rwanda
43.5%
1 October 1960Nigeria
40.3%
5 July 1975Cabo Verde
39.3%
12 July 1975Sao Tome and Principe
38.8%
1 July 1962Burundi
38.7%
12 October 1968Equatorial Guinea
38.6%
22 September 1960Mali
38.1%
4 April 1960Senegal
37.9%
1 January 1960Cameroon
37.8%
Date Country % Correct
3 August 1960Niger
37.3%
11 August 1960Chad
36.6%
9 October 1962Uganda
36.4%
7 August 1960Cote D'Ivoire
35.5%
27 April 1960Togo
35.2%
10 September 1974Guinea-Bissau
35.1%
9 December 1961Tanzania
34.7%
2 October 1958Guinea
34.6%
24 October 1964Zambia
34.1%
1 August 1960Benin
33.8%
30 September 1966Botswana
32.1%
13 August 1960Central African Republic
31.6%
6 July 1964Malawi
31.6%
27 June 1977Djibouti
31.4%
1 July 1960Somalia
31.3%
26 June 1960Madagascar
30.4%
4 October 1966Lesotho
30.1%
28 November 1960Mauritania
30.1%
5 August 1960Burkina Faso
30%
17 August 1960Gabon
29.9%
6 September 1968eSwatini
29.7%
18 February 1965The Gambia
29.6%
27 April 1961Sierra Leone
29.1%
29 June 1976Seychelles
28.8%
6 July 1975Comoros
28.3%
15 August 1960Republic of the Congo
27.3%
12 March 1968Mauritius
24.9%

You're not logged in!

Compare scores with friends on all Sporcle quizzes.
Join for Free
OR
Log In

You Might Also Like...

Show Comments

Extras

Top Quizzes Today


Score Distribution

Your Account Isn't Verified!

In order to create a playlist on Sporcle, you need to verify the email address you used during registration. Go to your Sporcle Settings to finish the process.

Report this User

Report this user for behavior that violates our Community Guidelines.

Details: